| 000 | 00660nam a2200229 a 4500 | ||
|---|---|---|---|
| 008 | |||
| 020 | _a0521422027 (pbk.) | ||
| 049 | _aMAIN | ||
| 090 | _aQH308.2JON | ||
| 100 | 1 | _aJones, Mary | |
| 245 | 1 | 0 |
_aTransport, Regulation and Control/ _cMary Jones |
| 260 |
_aUnited Kingdom : _bCambridge University, _c1995 |
||
| 300 |
_aiv, 82 p. : _bill. ; _c25 cm. |
||
| 440 | _aCambridge Modular Sciences | ||
| 500 | _aIncludes index. | ||
| 650 | 1 |
_aTransport _xRegulation _xControl |
|
| 907 |
_a.b10206528 _b07-07-06 _c04-07-06 |
||
| 003 | |||
| 005 | 20230123134224.0 | ||
| 040 | _cNUST | ||
| 942 |
_cBOOKS _kQH308.2JON |
||
| 999 |
_c162144 _d162144 |
||